[Event "Reunion op 16th"]
[Site "St Denis"]
[Date "2014.10.25"]
[Round "9"]
[White "Le Maguet, Loan"]
[Black "Labrande, Mona"]
[Result "1-0"]
[WhiteElo "1280"]
[BlackElo "1200"]
[PlyCount "79"]
[EventDate "2014.10.18"]
[EventType "swiss"]
[EventRounds "9"]
[EventCountry "RUF"]
[SourceTitle "EXT 2015"]
[Source "ChessBase"]
[SourceDate "2014.11.20"]
[SourceVersion "1"]
[SourceVersionDate "2014.11.20"]
[SourceQuality "1"]

1. e4 e5 2. Nf3 Nc6 3. Bb5 a6 4. Ba4 Nf6 5. 0-0 d5 6. exd5 Qxd5 7. Nxe5 Be7 8. Nxc6 bxc6 9. Re1 Qd6 10. h3 0-0 11. Nc3 Nd5 12. Bxc6 Qxc6 13. Nxd5 Bb7 14. Nxe7+ Kh8 15. Nxc6 Bxc6 16. d3 Rfe8 17. Rxe8+ Rxe8 18. Qd2 Re6 19. Qb4 Re8 20. Qc3 Re6 21. Bf4 Rg6 22. g3 h6 23. Re1 Kh7 24. Re7 f5 25. Rxc7 Be8 26. Be5 f4 27. Rxg7+ Rxg7 28. Bxg7 Kg8 29. Bxh6 Kf7 30. Qc7+ Ke6 31. Qc8+ Bd7 32. Qc4+ Ke7 33. Qxf4 Bxh3 34. Qh4+ Kf7 35. Qxh3 a5 36. Qg2 Kg6 37. Qc6+ Kh5 38. Qf6 Kg4 39. Qf4+ Kh3 40. Qh4# 1-0

[Event "Reunion op 16th"]
[Site "St Denis"]
[Date "2014.10.22"]
[Round "5"]
[White "Labrande, Mona"]
[Black "Etheve, Loic"]
[Result "0-1"]
[WhiteElo "1200"]
[BlackElo "1399"]
[PlyCount "36"]
[EventDate "2014.10.18"]
[EventType "swiss"]
[EventRounds "9"]
[EventCountry "RUF"]
[SourceTitle "EXT 2015"]
[Source "ChessBase"]
[SourceDate "2014.11.20"]
[SourceVersion "1"]
[SourceVersionDate "2014.11.20"]
[SourceQuality "1"]

1. e4 e5 2. Nf3 Nc6 3. Bc4 Nf6 4. c3 Bc5 5. 0-0 Nxe4 6. d4 d5 7. Bb3 exd4 8. cxd4 Bb6 9. Be3 Bg4 10. h3 Bh5 11. Nbd2 Qd6 12. g4 Bg6 13. Nh4 0-0-0 14. Nxe4 dxe4 15. Nxg6 hxg6 16. Kg2 Rxh3 17. Kxh3 Rh8+ 18. Kg2 Qh2# 0-1

[Event "Reunion op 15th"]
[Site "St Denis"]
[Date "2013.10.17"]
[Round "6"]
[White "Labrande, Mona"]
[Black "Mishra, Rayan"]
[Result "1-0"]
[WhiteElo "1499"]
[BlackElo "1199"]
[PlyCount "83"]
[EventDate "2013.10.12"]
[EventType "swiss"]
[EventRounds "9"]
[EventCountry "RUF"]
[SourceTitle "EXT 2014"]
[Source "ChessBase"]
[SourceDate "2013.11.20"]
[SourceVersion "1"]
[SourceVersionDate "2013.11.20"]
[SourceQuality "1"]

1. e4 e5 2. Nf3 Nc6 3. Nc3 Bc5 4. Nxe5 Nxe5 5. f4 Nc4 6. Bxc4 Qh4+ 7. g3 Qh3 8. d4 Bb4 9. Bd2 Nf6 10. Qe2 0-0 11. 0-0-0 Re8 12. a3 Bxc3 13. Bxc3 Rxe4 14. Qf3 Qg4 15. Qd3 d6 16. h3 Qh5 17. b3 Bxh3 18. d5 Ng4 19. Qf3 Rae8 20. Bd3 Bg2 21. Qxg2 Ne3 22. Qxe4 Qxd1+ 23. Rxd1 Rxe4 24. Re1 Nxd5 25. Rxe4 Kf8 26. Bd4 h5 27. f5 g5 28. Bc4 c5 29. Be3 Nf6 30. Bd3 d5 31. Ra4 a6 32. Ra5 d4 33. Bxg5 Nd5 34. Bc4 f6 35. Bh6+ Ke8 36. Bxd5 Kd7 37. Bxb7 Kd6 38. Bf4+ Kd7 39. Rxc5 a5 40. Bc6+ Kc8 41. Rxa5 d3 42. Ra8# 1-0

[Event "Reunion op 15th"]
[Site "St Denis"]
[Date "2013.10.17"]
[Round "7"]
[White "Lacouture, Alexandre"]
[Black "Labrande, Mona"]
[Result "0-1"]
[WhiteElo "1009"]
[BlackElo "1499"]
[PlyCount "30"]
[EventDate "2013.10.12"]
[EventType "swiss"]
[EventRounds "9"]
[EventCountry "RUF"]
[SourceTitle "EXT 2014"]
[Source "ChessBase"]
[SourceDate "2013.11.20"]
[SourceVersion "1"]
[SourceVersionDate "2013.11.20"]
[SourceQuality "1"]

1. e4 e5 2. Nf3 Nc6 3. Nc3 Bc5 4. Bc4 b6 5. d3 Bb7 6. Ng5 d5 7. exd5 Nd4 8. d6 Ne6 9. Bxe6 Qf6 10. 0-0 fxe6 11. dxc7 Ne7 12. Nb5 0-0 13. Qh5 Bxf2+ 14. Rxf2 Qxf2+ 15. Kh1 Bxg2# 0-1

[Event "Reunion op 15th"]
[Site "St Denis"]
[Date "2013.10.16"]
[Round "5"]
[White "Dennemont, Bruno"]
[Black "Labrande, Mona"]
[Result "1-0"]
[WhiteElo "1300"]
[BlackElo "1499"]
[PlyCount "39"]
[EventDate "2013.10.12"]
[EventType "swiss"]
[EventRounds "9"]
[EventCountry "RUF"]
[SourceTitle "EXT 2014"]
[Source "ChessBase"]
[SourceDate "2013.11.20"]
[SourceVersion "1"]
[SourceVersionDate "2013.11.20"]
[SourceQuality "1"]

1. e4 e5 2. Nf3 Nc6 3. Bc4 Bc5 4. c3 Nf6 5. d4 Bd6 6. Bg5 Na5 7. dxe5 Be7 8. exf6 gxf6 9. Bxf7+ Kxf7 10. Be3 d6 11. Nbd2 Bd7 12. b4 Nc6 13. Bd4 Rg8 14. Nh4 f5 15. Qh5+ Kf8 16. Nxf5 Qe8 17. Qh6+ Kf7 18. Qxh7+ Ke6 19. Ng7+ Rxg7 20. Qf5# 1-0

[Event "Reunion op 15th"]
[Site "St Denis"]
[Date "2013.10.13"]
[Round "2"]
[White "Labrande, Mona"]
[Black "Cazal, Julian"]
[Result "1-0"]
[WhiteElo "1499"]
[BlackElo "1120"]
[PlyCount "69"]
[EventDate "2013.10.12"]
[EventType "swiss"]
[EventRounds "9"]
[EventCountry "RUF"]
[SourceTitle "EXT 2014"]
[Source "ChessBase"]
[SourceDate "2013.11.20"]
[SourceVersion "1"]
[SourceVersionDate "2013.11.20"]
[SourceQuality "1"]

1. e4 e5 2. Bc4 Qe7 3. Nf3 Nh6 4. Nc3 d6 5. 0-0 Bd7 6. d3 b5 7. Nxb5 Bxb5 8. Bxb5+ Nd7 9. Bc4 0-0-0 10. d4 Ng4 11. Qd3 h6 12. Ba6+ Kb8 13. Qb3+ Nb6 14. h3 Nf6 15. dxe5 dxe5 16. Re1 Qd7 17. Nxe5 Qd6 18. Bf4 Qc5 19. Nxf7 Re8 20. Nxh8 Nxe4 21. Be3 Qf5 22. g4 Qf3 23. Qf7 Qxf7 24. Nxf7 g5 25. Rad1 Be7 26. Nxh6 Nd6 27. Nf5 Nxf5 28. gxf5 Bb4 29. c3 Be7 30. a4 Nxa4 31. Rd7 Nxb2 32. Bd4 Nd3 33. Rexe7 Rh8 34. Bxh8 Nc5 35. Rd8# 1-0